The last liberal & other essays/ (Record no. 11145)

MARC details
000 -LEADER
fixed length control field 00679 a2200205 4500
010 ## - LIBRARY OF CONGRESS CONTROL NUMBER
LC control number ENG-89684
020 ## - INTERNATIONAL STANDARD BOOK NUMBER
International Standard Book Number 8178242192
Terms of availability 295.00
035 ## - SYSTEM CONTROL NUMBER
System control number EN-73217
037 ## - SOURCE OF ACQUISITION
Source of stock number/acquisition DBAD / VEN
082 14 - DEWEY DECIMAL CLASSIFICATION NUMBER
Classification number 884
090 ## - LOCALLY ASSIGNED LC-TYPE CALL NUMBER (OCLC); LOCAL CALL NUMBER (OCLC)
-- 11460
-- 11460
100 1# - MAIN ENTRY--PERSONAL NAME
Personal name Guha, Ramachandra
245 1# - TITLE STATEMENT
Title The last liberal & other essays/
Statement of responsibility, etc by Ramachandra Guha
260 ## - PUBLICATION, DISTRIBUTION, ETC. (IMPRINT)
Place of publication, distribution, etc Ranikhet
Name of publisher, distributor, etc Permanent Black
Date of publication, distribution, etc 2007
260 ## - PUBLICATION, DISTRIBUTION, ETC. (IMPRINT)
Place of publication, distribution, etc New Delhi
Name of publisher, distributor, etc Orient Longman
Date of publication, distribution, etc 2007
270 ## - ADDRESS
Address Himalayana Mall Raod, Ranikhet Cantt.,
City Ranikhet
Postal code 263645
300 ## - PHYSICAL DESCRIPTION
Extent viii,282p.;
Dimensions 22 cm (pbk)
942 ## - ADDED ENTRY ELEMENTS (KOHA)
Institution code [OBSOLETE] dpl
Koha item type English Books
Call number prefix 884 / GUH
Holdings
Withdrawn status Lost status Source of classification or shelving scheme Damaged status Not for loan Collection code Home library Current library Source of acquisition Cost, normal purchase price Total Checkouts Full call number Barcode Date last seen Copy number Uniform Resource Identifier Cost, replacement price Price effective from Koha item type
    Dewey Decimal Classification   Not For Loan Non-fiction D.B.Act.Division D.B.Act.Division DBAD/PUB 295.00   884 GUH EN-73217 15/09/2008 1 12252 295.00 15/09/2008 English Books

© Delhi Public Library
Hit Counter
free hit counter